Koleksi 75 kisah benar dalam hidup nabi-nabi,para sahabat dan tokoh-tokoh Islam

Bibliographic Details
Other Authors: Mohd Najib (penyusun)
Format: Book
Published: Kuala Lumpur : Jasmin Enterprise , 1993
Subjects:

MARC

LEADER 00000cam a2200000 7i4500
001 0000003563
002 000003833
005 20000330.0
020 |a 9839045172 
090 0 0 |a 297   |b KOL 
245 0 0 |a Koleksi 75 kisah benar dalam hidup nabi-nabi,para sahabat dan tokoh-tokoh Islam   |c disusun oleh MohdNajib dan Nasir Ahamad 
260 |a Kuala Lumpur :   |b Jasmin Enterprise ,   |c 1993 
300 |a 226p. ;   |c 18cm. 
650 0 0 |a Prophets (Islam) 
700 0 |a Mohd Najib ,   |e penyusun 
999 |a 037085   |b BUKU   |c PINJAMAN   |e PERPUSTAKAAN KOMUNITI PETALING JAYA 
999 |a 043933   |b BUKU   |c PINJAMAN   |e PERPUSTAKAAN KOMUNITI PETALING JAYA